000
00303nam a2200133 a 4500
005
20140414131907.0
008
101002s19uu xx 00 eng d
050
_a
ER
_b
An5
100
_a
245
_a
Animals.
260
_a
Tokyo :
_b
Froebel-Kan.
440
_a
My Picture Library
999
_c
111027
_d
111027